Catálogo
 En Linea

Las proles de mis dolores : máximas y aforismos / (Registro nro. 47748)

Detalles MARC
000 -CABECERA
campo de control de longitud fija 00977nam a2200205 a 4500
001 - NÚMERO DE CONTROL
campo de control 000048260
005 - FECHA Y HORA DE LA ÚLTIMA TRANSACCIÓN
campo de control 20201002061027.0
008 - DATOS DE LONGITUD FIJA--INFORMACIÓN GENERAL
campo de control de longitud fija 181210s2015 dr 000 m spa d
020 ## - NÚMERO INTERNACIONAL ESTÁNDAR DEL LIBRO
Número Internacional Estándar del Libro 9789945085105
040 ## - FUENTE DE LA CATALOGACIÓN
Centro catalogador/agencia de origen DO-SdBNP
Lengua de catalogación spa
Centro/agencia transcriptor BNPHU
082 ## - NÚMERO DE LA CLASIFICACIÓN DECIMAL DEWEY
Número de clasificación xxxx
Número de documento/Ítem M844p
100 1# - ENTRADA PRINCIPAL--NOMBRE DE PERSONA
Nombre de persona Moreta Batista, Rafael Guaroa,
Fechas asociadas al nombre 1934-
9 (RLIN) 19705
245 14 - MENCIÓN DE TÍTULO
Título Las proles de mis dolores : máximas y aforismos /
Mención de responsabilidad, etc. Rafael Guaroa Moreta Batista ; prólogo Rafael Rodriguez Guichardo.
260 ## - PUBLICACIÓN, DISTRIBUCIÓN, ETC.
Lugar de publicación, distribución, etc. Santo Domingo :
Nombre del editor, distribuidor, etc. Santuario,
Fecha de publicación, distribución, etc. 2015.
300 ## - DESCRIPCIÓN FÍSICA
Extensión 162 p. ;
Dimensiones 23 cm.
500 ## - NOTA GENERAL
Nota general Incluye datos biográficos del autor en la solapa de la cubierta.
505 0# - NOTA DE CONTENIDO CON FORMATO
Nota de contenido con formato Semblanza --
Título Prólogo --
-- En torno a Las Proles de mis Dolores --
Mención de responsabilidad Arq. Junior Rosario Ramírez
Título Un nuevo mundo faro para Bonao --
Mención de responsabilidad Prof. Ramon Castro
Título Presentacion --
-- Mi cultivo bibliográfico ha sido --
-- Colofón --
-- Epílogo --
-- Glosario.
590 ## - NOTA LOCAL (RLIN)
Nota local Inventariado, 2019/LP
700 1# - PUNTO DE ACCESO ADICIONAL--NOMBRE DE PERSONA
Nombre de persona Rodríguez Güichardo, Rafael,
Término indicativo de función/relación pról.
9 (RLIN) 75695
Existencias
Estado de retiro Estado de pérdida Restricciones de uso No para préstamo Código de colección Localización permanente Ubicación/localización actual Ubicación en estantería Fecha de adquisición Número de inventario Total de préstamos Signatura topográfica completa Código de barras Fecha visto por última vez Número de copia Precio válido a partir de Tipo de ítem Koha
        Dominicana de Servicio General General Depósito 10.12.2018 LF1   xxxx M844p 48260-30 25.06.2020 e. 3 25.06.2020 Libro y Folleto Colección Dominicana de Servicio
      Excluido de préstamo Patrimonio Dominicano Patrimonio Dominicano Patrimonio Dominicano Depósito 10.12.2018 LF1   xxxx M844p 48260-10 25.06.2020   25.06.2020 Libro y Folleto Colección Patrimonio Dominicano
      Excluido de préstamo Patrimonio Dominicano Patrimonio Dominicano Patrimonio Dominicano Depósito 10.12.2018 LF1   xxxx M844p 48260-20 25.06.2020 e. 2 25.06.2020 Libro y Folleto Colección Patrimonio Dominicano

Con tecnología Koha